| 000 | 00700nam a2200241Ia 4500 | ||
|---|---|---|---|
| 001 | 11076 | ||
| 003 | GE_BSU | ||
| 008 | 181216s||||||||xx |||||||||||||| ||und|| | ||
| 020 | _a9780273792642(alk paper) | ||
| 040 | _cGE_BSU | ||
| 080 | _a658 | ||
| 100 | _aMULLINS,LAURIE J WITH GILL CHRISTY. | ||
| 245 | _aManagement & Organisational Behaviour. | ||
| 260 | _aEdinburgh. | ||
| 260 | _bPEARSON. | ||
| 260 | _c2013. | ||
| 300 | _a814p;ill;25cm. | ||
| 520 | _aშემოსულია ტემპუსის პროექტით. | ||
| 541 | _h191Gel. | ||
| 653 | _aManagement & Organisational Behaviour. | ||
| 653 | _aტემპუსის პროექტით | ||
| 942 | _cBK | ||
| 999 |
_c44318 _d44318 |
||